Statistics for MCU Character by Surname

Click here to take the quiz!

General Stats

  • This quiz has been taken 41 times
    (26 since last reset)
  • The average score is 15 of 22

Answer Stats

HintAnswer% Correct
StarkTony
100%
FuryNick
94%
BannerBruce
89%
CarterPeggy
89%
PottsPepper
89%
RogersSteve
89%
OdinsonThor
89%
MaximoffWanda
89%
BarnesBucky
83%
DanversCarol
83%
RomanoffNatasha
83%
QuillPeter
83%
BartonClint
78%
LaufeysonLoki
78%
LangScott
72%
BelovaYelena
72%
Pietro
44%
RhodesJames
39%
Sharon
39%
Morgan
33%
MobiusMichael
17%
Sarah
6%

Score Distribution

Percentile by Number Answered

Percent of People with Each Score

Your Score History

You have not taken this quiz since the last reset